000 00373nam a2200133Ia 4500
008 151001s9999||||xx |||||||||||||| ||und||
100 _aरमणलाल शहा
245 _aअसाही एक महात्मा
250 _a1
260 _bसुरस प्रकाशन पंजाब
260 _c1987
300 _a152
365 _b18
999 _c966177
_d966174